| 000 | 00955nas a2200277 4500 | ||
|---|---|---|---|
| 001 | BR2010003827 | ||
| 003 | BR-BrBNA | ||
| 005 | 20231205114630.0 | ||
| 007 | ta | ||
| 008 | 230509b bl.|||p| |||| 00| 00por d | ||
| 040 |
_aBR-BrBNA _bpor _cBiblioteca Nacional de Agricultura |
||
| 041 | _a(Pt) | ||
| 072 | _aL70 | ||
| 100 | 1 | _aSilva, P.F.N. da | |
| 100 | 1 | _aBalarin, M.R.S. | |
| 100 | 1 | _aMaruchi, H.P. | |
| 100 | 1 | _aFlaiban, K.K.M. da C. | |
| 100 | 1 | _aMoroz, L.R. | |
| 245 | 1 | _aCorrelação entre o hemocitômetro e outras técnicas de rotina para a contagem do número de plaquetas em cães atendidos no Hospital Veterinário da Universidade Estadual de Londrina (H.V. -UEL) | |
| 650 | _aCÃO | ||
| 650 | _aVETERINÁRIA | ||
| 650 | _aDIAGNÓSTICO | ||
| 773 | 0 |
_tSemina. Ciências Agrárias (Brazil) _xISSN 1676-546X _g(Oct-Dec 2007), v. 28(4) p. 659-664 _wBR2010003827 |
|
| 909 |
_a202311 _bLúcia _c55 _dLúcia Elande |
||
| 942 |
_2AGRIS _n0 _cANA |
||
| 999 |
_c209671 _d209671 |
||